| 000 | 00698cab a2200205 4500 | ||
|---|---|---|---|
| 001 | ABS50746 | ||
| 008 | 090401t1994 xxu||||| |||| 00| 0 eng d | ||
| 035 | _a(Sirsi) u33620 | ||
| 041 | _aeng | ||
| 100 | _aAnstey, J. | ||
| 245 | _aNegligently against the party wall: s46(1)(e) | ||
| 260 | _c1994 | ||
| 350 | _a0 | ||
| 490 |
_aStructural Survey _v12(3) 1994, 29-31(3) |
||
| 520 | _aExpands upon an interpretation of the London Building Acts 1939 s46(1)(e) expressed in the Pyramus and Thisbe Club`s "Green Book", by discussing the facts of a recent (unreported) negligence case. | ||
| 650 |
_aParty walls _96258 |
||
| 690 | _aPROPERTY LAW AND PRACTICE | ||
| 942 | _n0 | ||
| 948 | _c04/03/1997 | ||
| 999 |
_c22428 _d22428 |
||